[Event "Rottach Egern Seniors Cup 13th"]
[Site "Rottach Egern"]
[Date "2025.03.29"]
[Round "1"]
[White "Rodriguez Perez, Mauro"]
[Black "Schrems, Hermann"]
[Result "0-1"]
[WhiteElo "1865"]
[BlackElo "2114"]
[PlyCount "80"]
[EventDate "2025.03.29"]
[EventType "swiss"]
[EventRounds "9"]
[EventCountry "GER"]
[SourceTitle "CB16_2025"]
[SourceDate "2025.04.16"]
[SourceVersion "1"]
[SourceVersionDate "2025.04.16"]
[SourceQuality "1"]

1. d4 d5 2. Bf4 Nf6 3. e3 c5 4. Nf3 e6 5. c3 Nc6 6. Nbd2 Be7 7. Ne5 Nxe5 8. dxe5 Nd7 9. Bd3 b6 10. Qe2 Qc7 11. Nf3 h6 12. h4 Bb7 13. e4 Rd8 14. Bg3 c4 15. Bc2 dxe4 16. Nd4 Nc5 17. 0-0 Nd3 18. Nb5 Qc5 19. Nd6+ Bxd6 20. exd6 0-0 21. b3 b5 22. bxc4 bxc4 23. Ba4 f5 24. h5 f4 25. Bh4 f3 26. Qe3 Qxh5 27. Bg3 Qg6 28. Rab1 Bd5 29. Qxa7 Nf4 30. Qe7 Ne2+ 31. Kh2 fxg2 32. Kxg2 e3+ 33. Kh2 exf2 34. Qh4 Rxd6 35. Rb2 Nxg3 36. Qxg3 Qh5+ 37. Qh3 Qe5+ 38. Qg3 Rf4 39. Rb8+ Kf7 40. Kh3 Qh5+ 0-1

[Event "Tenerife-chT Preferente"]
[Site "Tenerife"]
[Date "2025.01.25"]
[Round "6.4"]
[White "Henriquez Garcia, David"]
[Black "Rodriguez Perez, Mauro"]
[Result "1/2-1/2"]
[WhiteElo "1867"]
[BlackElo "1874"]
[PlyCount "38"]
[EventDate "2024.11.09"]
[EventType "team-tourn"]
[EventRounds "14"]
[EventCountry "ESP"]
[SourceTitle "CB14_2025"]
[SourceDate "2024.11.01"]
[SourceVersion "1"]
[SourceVersionDate "2024.11.01"]
[SourceQuality "1"]
[WhiteTeam "Rey Ahogado"]
[BlackTeam "Canarias 64"]
[WhiteTeamCountry "ESP"]
[BlackTeamCountry "ESP"]

1. c4 e5 2. Nc3 Nf6 3. g3 d5 4. cxd5 Nxd5 5. Bg2 Nb6 6. Nf3 Nc6 7. 0-0 Be7 8. d3 0-0 9. Be3 Bf6 10. Rc1 Bf5 11. b4 Nxb4 12. Bc5 Be7 13. Bxb4 Bxb4 14. Qb3 Bd6 15. Nd2 Be6 16. Qc2 c6 17. Nce4 Ba3 18. Rb1 Rb8 19. Nf3 f6 1/2-1/2

[Event "Tenerife-chT Primera"]
[Site "Tenerife"]
[Date "2023.05.20"]
[Round "14"]
[White "Rodriguez Perez, Mauro"]
[Black "Svensson del Pino, German"]
[Result "1/2-1/2"]
[WhiteElo "1842"]
[BlackElo "1842"]
[PlyCount "23"]
[EventDate "2023.01.14"]
[EventType "team-tourn"]
[EventRounds "14"]
[EventCountry "ESP"]
[SourceTitle "EXT 2024"]
[Source "ChessBase"]
[SourceDate "2023.10.10"]
[SourceVersion "1"]
[SourceVersionDate "2023.10.10"]
[SourceQuality "1"]
[WhiteTeam "Circulo de Amistad XII Enero II"]
[BlackTeam "Al Shah Mat Los Realejos II"]
[WhiteTeamCountry "ESP"]
[BlackTeamCountry "ESP"]

1. d4 Nf6 2. Bf4 g6 3. Nf3 Bg7 4. e3 d6 5. h3 0-0 6. Be2 Nc6 7. 0-0 e5 8. Bh2 exd4 9. exd4 Bd7 10. c3 Re8 11. Nbd2 Bf5 12. Bc4 1/2-1/2

[Event "Tenerife-chT Primera"]
[Site "Tenerife"]
[Date "2023.05.13"]
[Round "13"]
[White "Delgado Delgado, Jose Miguel"]
[Black "Rodriguez Perez, Mauro"]
[Result "1/2-1/2"]
[WhiteElo "1691"]
[BlackElo "1842"]
[PlyCount "32"]
[EventDate "2023.01.14"]
[EventType "team-tourn"]
[EventRounds "14"]
[EventCountry "ESP"]
[SourceTitle "EXT 2024"]
[Source "ChessBase"]
[SourceDate "2023.10.10"]
[SourceVersion "1"]
[SourceVersionDate "2023.10.10"]
[SourceQuality "1"]
[WhiteTeam "Playa San Juan"]
[BlackTeam "Circulo de Amistad XII Enero II"]
[WhiteTeamCountry "ESP"]
[BlackTeamCountry "ESP"]

1. d4 Nf6 2. Nf3 e6 3. Bf4 c5 4. c3 b6 5. e3 Bb7 6. Nbd2 Be7 7. Bd3 0-0 8. Qe2 d6 9. e4 cxd4 10. cxd4 Nc6 11. a3 Re8 12. 0-0 a6 13. h3 b5 14. b4 Rc8 15. Rfc1 Qd7 16. Be3 Bf8 1/2-1/2

[Event "Tenerife-ch Seniors/Women"]
[Site "Santa Cruz de Tenerife"]
[Date "2023.03.29"]
[Round "8.10"]
[White "Amaya Garcia, Jose Jinosar"]
[Black "Rodriguez Perez, Mauro"]
[Result "0-1"]
[WhiteElo "1395"]
[BlackElo "1810"]
[PlyCount "72"]
[EventDate "2023.03.13"]
[EventType "swiss"]
[EventRounds "9"]
[EventCountry "ESP"]
[SourceTitle "EXT 2024"]
[Source "ChessBase"]
[SourceDate "2023.10.10"]
[SourceVersion "1"]
[SourceVersionDate "2023.10.10"]
[SourceQuality "1"]

1. e4 e6 2. d4 d5 3. e5 c5 4. c3 Qb6 5. Nf3 Nc6 6. Bd3 cxd4 7. 0-0 Bd7 8. Re1 dxc3 9. Nxc3 Nb4 10. Be3 Qa5 11. a3 Nxd3 12. Qxd3 Ne7 13. b4 Qd8 14. h4 Nf5 15. Bg5 Be7 16. Nb5 Bxb5 17. Qxb5+ Qd7 18. Qxd7+ Kxd7 19. g4 Bxg5 20. gxf5 Be7 21. Red1 Rac8 22. Ng5 Bxg5 23. hxg5 Rc4 24. f3 Rf4 25. fxe6+ fxe6 26. Kg2 Rf5 27. f4 Rxf4 28. Rf1 Rhf8 29. Rxf4 Rxf4 30. Rh1 Rg4+ 31. Kf3 Rxg5 32. Rxh7 Kc6 33. a4 Rxe5 34. Rxg7 Re4 35. b5+ Kc5 36. Rxb7 Rxa4 0-1

[Event "Tenerife-chT Primera"]
[Site "Tenerife"]
[Date "2023.01.28"]
[Round "3.1"]
[White "Pereda de Pablo, Ernesto"]
[Black "Rodriguez Perez, Mauro"]
[Result "1/2-1/2"]
[WhiteElo "2057"]
[BlackElo "1842"]
[PlyCount "67"]
[EventDate "2023.01.14"]
[EventType "team-tourn"]
[EventRounds "14"]
[EventCountry "ESP"]
[SourceTitle "EXT 2024"]
[Source "ChessBase"]
[SourceDate "2023.10.10"]
[SourceVersion "1"]
[SourceVersionDate "2023.10.10"]
[SourceQuality "1"]
[WhiteTeam "Ebano Barrio Nuevo II"]
[BlackTeam "Circulo de Amistad XII Enero II"]
[WhiteTeamCountry "ESP"]
[BlackTeamCountry "ESP"]

1. c4 e6 2. Nc3 d5 3. d4 Nf6 4. Bg5 Nbd7 5. e3 c6 6. cxd5 exd5 7. Nf3 Be7 8. Bd3 0-0 9. Qc2 Re8 10. 0-0 Nf8 11. h3 g6 12. Rad1 Ne6 13. Bxf6 Bxf6 14. b4 a6 15. a4 Qd6 16. Qb3 Nc7 17. b5 axb5 18. axb5 Ra3 19. Qc2 cxb5 20. Nxb5 Nxb5 21. Bxb5 Bf5 22. Bd3 Rc8 23. Qe2 Bd7 24. Rc1 Rcc3 25. Rxc3 Rxc3 26. Ra1 Qb4 27. Qd2 Qb3 28. Ne1 Bc6 29. g3 Be7 30. Rb1 Qa3 31. Bb5 Rb3 32. Rxb3 Qxb3 33. Bxc6 bxc6 34. Qc1 1/2-1/2

[Event "Tenerife-chT Preferente"]
[Site "Tenerife"]
[Date "2022.05.07"]
[Round "11.3"]
[White "Remon Garcia, Jose Domingo"]
[Black "Rodriguez Perez, Mauro"]
[Result "1/2-1/2"]
[WhiteElo "1850"]
[BlackElo "1839"]
[PlyCount "40"]
[EventDate "2022.01.29"]
[EventType "team-tourn"]
[EventRounds "14"]
[EventCountry "ESP"]
[SourceTitle "EXT 2024"]
[Source "ChessBase"]
[SourceDate "2023.10.10"]
[SourceVersion "1"]
[SourceVersionDate "2023.10.10"]
[SourceQuality "1"]
[WhiteTeam "Al Shah Mat Los Realejos"]
[BlackTeam "Circulo de Amistad XII Enero"]
[WhiteTeamCountry "ESP"]
[BlackTeamCountry "ESP"]

1. d4 Nf6 2. Bf4 e6 3. e3 c5 4. Nd2 b6 5. Ngf3 Bb7 6. Bd3 Be7 7. c3 0-0 8. Qe2 d6 9. h3 cxd4 10. exd4 Nbd7 11. 0-0 Re8 12. Rfe1 Bf8 13. Ba6 Qc8 14. Bxb7 Qxb7 15. Qb5 Nd5 16. Bg3 a6 17. Qb3 N7f6 18. a4 b5 19. axb5 Qxb5 20. Qxb5 axb5 1/2-1/2

[Event "Tenerife-ch Seniors"]
[Site "Santa Cruz de Tenerife"]
[Date "2022.03.23"]
[Round "4.3"]
[White "Ferrer Herrera, David Francisco"]
[Black "Rodriguez Perez, Mauro"]
[Result "1/2-1/2"]
[WhiteElo "1373"]
[BlackElo "1824"]
[PlyCount "44"]
[EventDate "2022.03.16"]
[EventType "swiss"]
[EventRounds "7"]
[EventCountry "ESP"]
[SourceTitle "EXT 2024"]
[Source "ChessBase"]
[SourceDate "2023.10.10"]
[SourceVersion "1"]
[SourceVersionDate "2023.10.10"]
[SourceQuality "1"]

1. e4 e6 2. d4 d5 3. e5 c5 4. c3 Qb6 5. Nf3 Nc6 6. a3 c4 7. Nbd2 Na5 8. Rb1 Bd7 9. b4 cxb3 10. Nxb3 Ba4 11. Nfd2 Qc7 12. Qf3 Nxb3 13. Nxb3 Rc8 14. Nc5 Bxc5 15. dxc5 Qxe5+ 16. Be2 Bc6 17. Bf4 Qf6 18. Bb5 e5 19. Bd2 Ne7 20. Qe2 e4 21. 0-0 0-0 22. h3 Qg6 1/2-1/2

[Event "Tenerife-chT Preferente"]
[Site "Tenerife"]
[Date "2022.03.05"]
[Round "5.3"]
[White "Mamani Beltran, Deniman"]
[Black "Rodriguez Perez, Mauro"]
[Result "1-0"]
[WhiteElo "1975"]
[BlackElo "1839"]
[PlyCount "69"]
[EventDate "2022.01.29"]
[EventType "team-tourn"]
[EventRounds "14"]
[EventCountry "ESP"]
[SourceTitle "EXT 2024"]
[Source "ChessBase"]
[SourceDate "2023.10.10"]
[SourceVersion "1"]
[SourceVersionDate "2023.10.10"]
[SourceQuality "1"]
[WhiteTeam "Fundacion La Caja de Canarias"]
[BlackTeam "Circulo de Amistad XII Enero"]
[WhiteTeamCountry "ESP"]
[BlackTeamCountry "ESP"]

1. e4 e6 2. d4 d5 3. Nd2 dxe4 4. Nxe4 Nd7 5. Nf3 Ngf6 6. Nxf6+ Nxf6 7. Be3 Be7 8. Qd2 Nd5 9. Bg5 Bd7 10. Bd3 Bc6 11. c3 Bxg5 12. Nxg5 Nf6 13. f3 h6 14. Nh3 Qd7 15. Nf2 0-0-0 16. 0-0-0 Rhe8 17. Kb1 Kb8 18. Qe2 Nd5 19. g3 f5 20. Rhe1 g5 21. Bc2 Ba4 22. Bxa4 Qxa4 23. Nd3 Qb5 24. Qc2 Qa5 25. Re5 Qb6 26. Qd2 Ne7 27. Rde1 Ng6 28. Rc5 Qd6 29. Qe2 b6 30. Rc4 f4 31. Nb4 c5 32. dxc5 bxc5 33. Rxc5 Rd7 34. Rb5+ Kc8 35. Qe4 1-0

[Event "Tenerife-chT Preferente"]
[Site "Tenerife"]
[Date "2022.02.19"]
[Round "4.4"]
[White "Jorquera Fuentes, Hugo Samuel"]
[Black "Rodriguez Perez, Mauro"]
[Result "1-0"]
[WhiteElo "1916"]
[BlackElo "1839"]
[PlyCount "61"]
[EventDate "2022.01.29"]
[EventType "team-tourn"]
[EventRounds "14"]
[EventCountry "ESP"]
[SourceTitle "EXT 2024"]
[Source "ChessBase"]
[SourceDate "2023.10.10"]
[SourceVersion "1"]
[SourceVersionDate "2023.10.10"]
[SourceQuality "1"]
[WhiteTeam "Al Shah Mat Los Realejos"]
[BlackTeam "Circulo de Amistad XII Enero"]
[WhiteTeamCountry "ESP"]
[BlackTeamCountry "ESP"]

1. e4 e6 2. d4 d5 3. Bd3 dxe4 4. Bxe4 Nf6 5. Bf3 c5 6. Ne2 Nc6 7. Be3 Qc7 8. Nbc3 Be7 9. 0-0 cxd4 10. Bxc6+ bxc6 11. Nxd4 e5 12. Nb3 0-0 13. f3 Rd8 14. Qe2 Nd5 15. Nxd5 cxd5 16. c3 a5 17. Qf2 d4 18. cxd4 a4 19. Rfc1 Qb8 20. Nc5 exd4 21. Bxd4 a3 22. bxa3 Bf5 23. Ne4 Bxa3 24. Rab1 Qf4 25. Re1 Rab8 26. Rxb8 Qxb8 27. Bc5 Bb2 28. Rb1 Bd4 29. Rxb8 Bxf2+ 30. Kxf2 Bxe4 31. Rxd8# 1-0

[Event "Tenerife-chT Segunda"]
[Site "Tenerife"]
[Date "2022.02.12"]
[Round "3.1"]
[White "Marrero Hernandez, Roberto Javier"]
[Black "Rodriguez Perez, Mauro"]
[Result "0-1"]
[WhiteElo "1406"]
[BlackElo "1839"]
[PlyCount "80"]
[EventDate "2022.01.29"]
[EventType "team-tourn"]
[EventRounds "14"]
[EventCountry "ESP"]
[SourceTitle "EXT 2024"]
[Source "ChessBase"]
[SourceDate "2023.10.10"]
[SourceVersion "1"]
[SourceVersionDate "2023.10.10"]
[SourceQuality "1"]
[WhiteTeam "La Victoria 94 II"]
[BlackTeam "Circulo de Amistad XII Enero II"]
[WhiteTeamCountry "ESP"]
[BlackTeamCountry "ESP"]

1. e4 e6 2. d4 d5 3. e5 c5 4. Nf3 Nc6 5. Bb5 Bd7 6. 0-0 Nxe5 7. Nxe5 Bxb5 8. Qf3 Nf6 9. c4 Bc6 10. Nxc6 bxc6 11. cxd5 cxd5 12. dxc5 Bxc5 13. Bg5 0-0 14. Bxf6 Qxf6 15. Qxf6 gxf6 16. Nc3 Rab8 17. Rab1 Rfc8 18. Ne2 Bd6 19. Rfc1 Rxc1+ 20. Nxc1 e5 21. Nb3 Kf8 22. f3 Rc8 23. Rc1 Rxc1+ 24. Nxc1 Ke7 25. Kf2 f5 26. g3 Ke6 27. b3 e4 28. h3 d4 29. g4 fxg4 30. hxg4 f5 31. gxf5+ Kxf5 32. fxe4+ Kxe4 33. Ke2 h5 34. Nd3 h4 35. Nf2+ Kf4 36. a4 a5 37. Nd3+ Kg3 38. Nf2 Kg2 39. Ng4 h3 40. Kd3 Kf3 0-1

[Event "Santa Cruz de Tenerife op 31st"]
[Site "Santa Cruz de Tenerife"]
[Date "2021.12.16"]
[Round "3"]
[White "Nuevo Cabezas, Antonio"]
[Black "Rodriguez Perez, Mauro"]
[Result "0-1"]
[WhiteElo "1314"]
[BlackElo "1839"]
[PlyCount "120"]
[EventDate "2021.12.14"]
[EventType "swiss"]
[EventRounds "9"]
[EventCountry "ESP"]
[SourceTitle "CBM 206 Extra"]
[Source "ChessBase"]
[SourceDate "2022.03.31"]
[SourceVersion "1"]
[SourceVersionDate "2022.03.31"]
[SourceQuality "1"]

1. e4 e6 2. d4 d5 3. e5 c5 4. c3 Nc6 5. Nf3 Qb6 6. a3 cxd4 7. cxd4 Bd7 8. b4 Nge7 9. g4 h5 10. g5 Nf5 11. Be3 Rc8 12. Qd3 Nce7 13. Nbd2 a6 14. Qb3 Bb5 15. Bxb5+ Qxb5 16. a4 Qb6 17. Rb1 Nc6 18. 0-0 Bxb4 19. Rfd1 a5 20. h4 Nce7 21. Kh2 Qa6 22. Rbc1 0-0 23. Kh3 Rc6 24. Rxc6 Qxc6 25. Nf1 Nxe3 26. Nxe3 Rc8 27. Rd3 Qc1 28. Kg2 Rc3 29. Rxc3 Qxc3 30. Qd1 g6 31. Qf1 Qc6 32. Qd1 Nc8 33. Qb3 Nb6 34. Nc2 Qc4 35. Qb1 Nxa4 36. Nxb4 axb4 37. Qa1 b5 38. Kg3 Qc3 39. Qf1 Qc4 40. Qa1 Kf8 41. Kg2 Ke7 42. Nd2 Qc3 43. Nb3 Qxb3 44. Qc1 Qc3 45. Qf4 Qc7 46. Qf6+ Ke8 47. Qh8+ Kd7 48. Qf8 Kc6 49. Qxb4 Kb6 50. f3 Nc3 51. Kf2 Nd1+ 52. Kg3 Ne3 53. Kf4 Nc2 54. Qd2 Qc4 55. Kg3 Nxd4 56. Qf2 Qd3 57. Kf4 Qxf3+ 58. Qxf3 Nxf3 59. Kxf3 Kc5 60. Ke3 Kc4 0-1

[Event "Tenerife-chT Primera"]
[Site "Tenerife"]
[Date "2021.09.25"]
[Round "12.2"]
[White "Rodriguez Perez, Mauro"]
[Black "Perez Martin, Nicanor"]
[Result "1-0"]
[WhiteElo "1826"]
[BlackElo "1556"]
[PlyCount "61"]
[EventDate "2021.02.27"]
[EventType "team-tourn"]
[EventRounds "14"]
[EventCountry "ESP"]
[SourceTitle "EXT 2023"]
[Source "ChessBase"]
[SourceDate "2022.10.05"]
[SourceVersion "1"]
[SourceVersionDate "2022.10.05"]
[SourceQuality "1"]
[WhiteTeam "Circulo de Amistad XII Enero"]
[BlackTeam "La Victoria 94"]
[WhiteTeamCountry "ESP"]
[BlackTeamCountry "ESP"]

1. d4 Nf6 2. Bf4 d5 3. e3 Bg4 4. Nf3 e6 5. c4 c6 6. Nc3 Bd6 7. c5 Bxf4 8. exf4 Nbd7 9. Be2 a5 10. a3 0-0 11. 0-0 b6 12. b4 bxc5 13. bxc5 Qc7 14. Ne5 Bxe2 15. Qxe2 Nxe5 16. fxe5 Nd7 17. Rab1 f6 18. f4 Qd8 19. Rb2 Rb8 20. Rfb1 fxe5 21. Rxb8 Nxb8 22. Qxe5 Qe8 23. Rb7 Nd7 24. Qc7 Rf7 25. Qxc6 Nf6 26. Qxe8+ Nxe8 27. Rb8 Re7 28. Nb5 Kf7 29. c6 Kf6 30. Rb7 h5 31. c7 1-0

[Event "Tenerife-chT Primera"]
[Site "Tenerife"]
[Date "2021.03.06"]
[Round "2.2"]
[White "Rodriguez Perez, Mauro"]
[Black "Rodriguez Garcia, Joel I"]
[Result "1-0"]
[WhiteElo "1826"]
[BlackElo "1299"]
[PlyCount "75"]
[EventDate "2021.02.27"]
[EventType "team-tourn"]
[EventRounds "14"]
[EventCountry "ESP"]
[SourceTitle "EXT 2023"]
[Source "ChessBase"]
[SourceDate "2022.10.05"]
[SourceVersion "1"]
[SourceVersionDate "2022.10.05"]
[SourceQuality "1"]
[WhiteTeam "Circulo de Amistad XII Enero"]
[BlackTeam "Santa Ursula Badnor"]
[WhiteTeamCountry "ESP"]
[BlackTeamCountry "ESP"]

1. d4 f5 2. Bg5 Nf6 3. Nc3 e6 4. e4 d6 5. exf5 exf5 6. Bc4 c6 7. Qe2+ Qe7 8. Bxf6 Qxe2+ 9. Ngxe2 gxf6 10. f4 d5 11. Bd3 Bd6 12. 0-0 Na6 13. a3 Nc7 14. Ng3 c5 15. Rae1+ Kf7 16. Nce2 Kg6 17. dxc5 Bxc5+ 18. Kh1 h5 19. b4 Bb6 20. Nc3 h4 21. Nge2 Bd7 22. Ng1 Rae8 23. Rxe8 Rxe8 24. Nf3 Rh8 25. Re1 Kf7 26. Ne2 Ne8 27. c4 dxc4 28. Bxc4+ Kg6 29. Rd1 Bc6 30. Bd5 Ba4 31. Re1 Nd6 32. Nc3 Bc2 33. Re6 Bc7 34. Ne5+ Kh5 35. Bf3+ Kh6 36. Rxf6+ Kg7 37. Rg6+ Kf8 38. Nd5 1-0

[Event "Tenerife-ch Seniors"]
[Site "Tenerife"]
[Date "2020.01.27"]
[Round "6"]
[White "Rodriguez Perez, Mauro"]
[Black "Marrero Hernandez, Roberto Javier"]
[Result "1-0"]
[WhiteElo "1884"]
[BlackElo "1435"]
[PlyCount "51"]
[EventDate "2020.01.15"]
[EventType "swiss"]
[EventRounds "7"]
[EventCountry "ESP"]
[SourceTitle "CBM 195 Extra"]
[Source "ChessBase"]
[SourceDate "2020.05.31"]
[SourceVersion "1"]
[SourceVersionDate "2020.05.31"]
[SourceQuality "1"]

1. d4 d5 2. Nf3 Nf6 3. Bf4 Bf5 4. c3 h6 5. e3 e6 6. Qb3 Qc8 7. Na3 c6 8. Be2 Be7 9. c4 0-0 10. 0-0 Nbd7 11. h3 Ne4 12. Rac1 g5 13. Bh2 g4 14. hxg4 Bxg4 15. Qd1 Bxf3 16. Bxf3 Ng5 17. cxd5 Nf6 18. dxc6 Nxf3+ 19. Qxf3 bxc6 20. Rxc6 Qe8 21. Rfc1 Kh7 22. Nb5 Bd8 23. Nc7 Bxc7 24. Rxc7 Nd5 25. Qe4+ Kg8 26. Be5 1-0

[Event "Tenerife-ch Seniors"]
[Site "Tenerife"]
[Date "2020.01.22"]
[Round "4"]
[White "Rodriguez Perez, Mauro"]
[Black "Cabrera Gomez, Tomas"]
[Result "1/2-1/2"]
[WhiteElo "1884"]
[BlackElo "1666"]
[PlyCount "66"]
[EventDate "2020.01.15"]
[EventType "swiss"]
[EventRounds "7"]
[EventCountry "ESP"]
[SourceTitle "CBM 195 Extra"]
[Source "ChessBase"]
[SourceDate "2020.05.31"]
[SourceVersion "1"]
[SourceVersionDate "2020.05.31"]
[SourceQuality "1"]

1. d4 Nf6 2. Bf4 e6 3. e3 c5 4. Nf3 cxd4 5. exd4 d5 6. c3 Be7 7. h3 Nbd7 8. Bd3 h6 9. 0-0 a6 10. a4 b6 11. Nbd2 Bb7 12. Qe2 0-0 13. Rfe1 Re8 14. b4 Qc8 15. Rac1 Qd8 16. Ne5 Nxe5 17. Bxe5 Nd7 18. Bh2 Nf6 19. b5 a5 20. Nf3 Bd6 21. Ne5 Rc8 22. f3 Re7 23. Bb1 Rec7 24. Qd3 Qe7 25. g4 Qe8 26. Bf4 g5 27. Bd2 Qf8 28. Kg2 Qg7 29. Qe3 Nd7 30. Nd3 Nf6 31. Rh1 Rc4 32. Bc2 Nd7 33. h4 e5 1/2-1/2

[Event "Santa Cruz de Tenerife op 30th"]
[Site "Santa Cruz de Tenerife"]
[Date "2019.12.26"]
[Round "8"]
[White "Diaz Diaz, Andres Zhao"]
[Black "Rodriguez Perez, Mauro"]
[Result "0-1"]
[WhiteElo "1244"]
[BlackElo "1894"]
[PlyCount "44"]
[EventDate "2019.12.13"]
[EventType "swiss"]
[EventRounds "9"]
[EventCountry "ESP"]
[SourceTitle "CBM 194 Extra"]
[Source "ChessBase"]
[SourceDate "2020.03.31"]
[SourceVersion "1"]
[SourceVersionDate "2020.03.31"]
[SourceQuality "1"]

1. e4 e6 2. Nc3 d5 3. exd5 exd5 4. d4 Bb4 5. Bd2 Nc6 6. Nf3 Bg4 7. h3 Bh5 8. Be2 Nf6 9. 0-0 Bxf3 10. Bxf3 Nxd4 11. Bg5 Bxc3 12. bxc3 Nxf3+ 13. Qxf3 c6 14. Rfe1+ Kf8 15. Rad1 h6 16. Bxf6 Qxf6 17. Qxf6 gxf6 18. f3 Rg8 19. Kf2 Re8 20. a3 Re6 21. g4 Ke7 22. Rxe6+ fxe6 0-1

[Event "Santa Cruz de Tenerife Autumn op"]
[Site "Santa Cruz de Tenerife"]
[Date "2019.11.06"]
[Round "8"]
[White "Rodriguez Perez, Mauro"]
[Black "Oudeh Mishmesh, Omar"]
[Result "0-1"]
[WhiteElo "1919"]
[BlackElo "1771"]
[PlyCount "102"]
[EventDate "2019.10.16"]
[EventType "swiss"]
[EventRounds "9"]
[EventCountry "ESP"]
[SourceTitle "CBM 192 Extra"]
[Source "Chessbase"]
[SourceDate "2019.11.06"]
[SourceVersion "1"]
[SourceVersionDate "2019.11.06"]
[SourceQuality "1"]

1. d4 Nf6 2. Bf4 d5 3. e3 c5 4. c3 Nc6 5. Nd2 Bf5 6. Ngf3 Qb6 7. Qb3 c4 8. Qxb6 axb6 9. Be2 h6 10. 0-0 e6 11. Ne5 b5 12. Nxc6 bxc6 13. a3 Be7 14. f3 0-0 15. Rac1 c5 16. dxc5 Bxc5 17. Kf2 Nd7 18. Ke1 e5 19. e4 exf4 20. exf5 Rfe8 21. Kd1 Re5 22. Rc2 Rae8 23. Nb1 Rxf5 24. b4 Ba7 25. a4 Rg5 26. Na3 bxa4 27. Nb5 Bb6 28. Nd6 Re6 29. Nxc4 dxc4 30. Bxc4 Rd6+ 31. Kc1 Be3+ 32. Kb2 Nb6 33. Ba2 Rdg6 34. c4 Rxg2 35. c5 Bd4+ 36. Kb1 Rxc2 37. Kxc2 Rc6 38. Kd3 Bxc5 39. bxc5 Rxc5 40. Rb1 Rc6 41. Rb4 g5 42. Ke4 Kg7 43. Kf5 a3 44. h4 Rc5+ 45. Kg4 Nd7 46. Rb7 Nf6+ 47. Kh3 g4+ 48. fxg4 Rc3+ 49. Kg2 Rc2+ 50. Kf3 Rxa2 51. Kxf4 Rf2+ 0-1

[Event "San Cristobal de La Laguna op 2nd"]
[Site "San Cristobal de La Laguna"]
[Date "2019.09.03"]
[Round "4"]
[White "Rodriguez Perez, Mauro"]
[Black "Stiefel, Roland"]
[Result "1/2-1/2"]
[WhiteElo "1900"]
[BlackElo "2078"]
[PlyCount "63"]
[EventDate "2019.08.31"]
[EventType "swiss"]
[EventRounds "9"]
[EventCountry "ESP"]
[SourceTitle "EXT 2020"]
[Source "ChessBase"]
[SourceDate "2019.10.17"]
[SourceVersion "1"]
[SourceVersionDate "2019.10.17"]
[SourceQuality "1"]

1. d4 c5 2. c3 Qa5 3. e3 e6 4. Nf3 Nf6 5. Bd3 Be7 6. Nbd2 d6 7. 0-0 Nbd7 8. e4 Qc7 9. Qe2 e5 10. Rd1 a6 11. a4 Nf8 12. Nc4 Ng6 13. h3 0-0 14. a5 Rb8 15. Nb6 Be6 16. dxe5 dxe5 17. Bc4 Qc6 18. Bd5 Bxd5 19. exd5 Qc7 20. Ng5 Bd6 21. Nc4 Rbe8 22. Nxd6 Qxd6 23. Ra4 h6 24. Ne4 Nxe4 25. Qxe4 f5 26. Qe2 e4 27. b4 Ne5 28. bxc5 Qd7 29. Rad4 Nd3 30. Ba3 Rf6 31. R1xd3 exd3 32. Qxd3 1/2-1/2